| 000 | 01571cam a22004097a 4500 | ||
|---|---|---|---|
| 003 | CHAP | ||
| 005 | 20220817041123.0 | ||
| 008 | 971013s1992 r 00010 d | ||
| 010 | _a6841 | ||
| 011 | _a7813 | ||
| 022 | _a0185-3384 | ||
| 035 | _a7037 | ||
| 040 | _cCHAP | ||
| 090 | _aFolleto 14087 | ||
| 100 | 0 | 0 |
_aRobles Vásquez, Héctor V. _998125 |
| 245 | 1 | 0 |
_aFallas de mercado y autoabasto familiar estricto en la producción de maíz _b: microeconomía de la trampa de recursos _cpor Héctor V. Robles Vásquez y Raúl García-Barrios |
| 260 |
_aMéxico, D.F. : _bCentro de Investigación y Docencia Económicas, _c1992. |
||
| 300 | _a21 p | ||
| 410 | 2 | 1 | _aCentro de Investigación y Docencia Económicas |
| 490 | 0 |
_aDocumento de trabajo. Economía _v; 8 |
|
| 590 |
_aBATCH-UPD _b10 _c20130110 _lUCH01 _h0049 |
||
| 590 |
_aBATCH-UPD _b10 _c20130110 _lUCH01 _h2025 |
||
| 590 |
_aBATCH-UPD _b10 _c20130409 _lUCH01 _h2036 |
||
| 590 |
_aBATCH-UPD _b10 _c20130410 _lUCH01 _h1343 |
||
| 590 |
_aBATCH-UPD _b10 _c20130914 _lUCH01 _h0909 |
||
| 590 |
_aCONVERSION _b10 _c20130109 _lUCH01 _h1305 |
||
| 650 | 1 | 4 |
_aMaíz _xMercadeo _xMéxico. _971011 |
| 650 | 1 | 4 |
_aMaíz _xRendimiento. _971051 |
| 700 | 0 | 2 | _aGarcía Barrios, Raúl. |
| 810 |
_aCentro de Investigación y Docencia Económicas _921155 |
||
| 830 | 0 |
_aDocumento de trabajo. Economía _v; 8 |
|
| 901 | _aBK | ||
| 942 | _cFOLL | ||
| 949 |
_aFolleto 14087 _bBC _cFOLL _d-16811 _eTS1 _i7037 _si |
||
| 949 |
_aFolleto 14087 _bBC _cFOLL _d-16813 _eTS2 _fc.2 _i7037 _si |
||
| 949 |
_aFolleto 14087 _bBC _cFOLL _d70372 _eTS2 _fc.3 _i7037 _sb |
||
| 999 |
_c6841 _d6841 |
||